000 01217njm a22002777a 4500
005 20100906124334.0
007 sd ammalaaahaa
008 100906t xxu||||| |||| 00| 0 hin d
028 _aN. 53239
_bHis Master's Voice
035 _aGR-703
040 _aSED/VEN
100 _aBhosle, Asha
_91184
245 _aDidi:
_bhindustani /
_cby Asha Bhosle, Sudha Malhotra & Mukesh ; music by Dutta ; lyric by Sahir
_h[sound recording] :
246 _aदीदी (आशा भोसले)
260 _aDum Dum, India
_bHis Master's Voice
300 _a1 sound disc [Gramophone record] :
_banalog, 33. 1/3 rpm
_c10 in
_fGramophone record
500 _aBrief record.
505 _aPyar Hi Mujhe Derkar Hai (Didi) (Asha Bhosle) प्यार ही मुझे दरकार है भाग १ , Tum Mujhe Bhool Bhi Jaavo (Sudha Malhotra & Mukesh) तुम मुझे भूल भी जावो भाग २
_u
_t
650 _aClassical Music
_xExcerpts
_zIndia
_918561
700 _aMalhotra, Sudha
_918562
700 _aMukesh
_918608
700 _aDutta, N.
_918609
700 _aSahir
_918610
942 _2ddc
_cGR
999 _c44032
_d44032